As estrelas da Copa do Mundo - Rússia 2018 - Statistics

Estatísticas Gerais
  • Esse quiz foi jogado 39 vezes
  • A pontuação média é 30 de 36
Estatísticas das Respostas
Imagem Resposta % Correto
Luis Suárez
97%
Modric
97%
Casemiro
94%
Cristiano Ronaldo
94%
Iniesta
94%
Kane
94%
Mane
94%
Mbappe
94%
Messi
94%
Müller
94%
Neymar
94%
Salah
94%
Sergio Ramos
94%
Cavani
92%
De Bruyne
92%
James Rodríguez
92%
Son
92%
Agüero
89%
Griezmann
89%
Hazard
89%
Pogba
89%
Varane
89%
Falcao
86%
Lewandowski
86%
Sterling
86%
Honda
83%
Courtois
81%
Eriksen
81%
Guerrero
81%
Isco
81%
Rakitic
81%
Shaqiri
81%
Mandzukic
78%
Vela
36%
Benatia
33%
Cheryshev
31%
Nenhum quiz correspondente encontrado
Distribuição das Pontuações
Porcentagem de Pessoas com Cada Pontuação
Percentil de Números Respondidos
Sua Pontuação Histórica
Você não jogou esse quiz